01394 2200289 4500001002100000005001500021035002000036007000300056008004100059020002200100082001200122084002100134100003000155245011500185250003000300300004400330650002400374650001100398650001200409504002900421264004400450336002100494337003000515338002300545520052000568990001601088INLIS00000000116556520250711082756 a0010-0725000003ta250711 g | Inr  a978-623-00-4808-1 a2X4.157 aSR 2X4.157 MAN j0 aMansya Aji Putraepenulis1 aJejak sejarah di dua tanah haram :bnapak tilas 85 tempat bersejarah di Makkah dan Madinah /cMansya Aji Putra aCetakan kedua: April 2024 axxvi, 270 halaman :bilustrasi ;c23 cm 4aTempat suci (Islam) 4aMakkah 4aMadinah aBibliografi halaman: 267 aJakarta :bElex Media Komputindo,c2024 2rdacontentateks 2rdamediaatanpa perantara 2rdacarrieravolume aDari tempat kelahiran Islam hingga tempat peristirahatan terakhir Nabi Muhammad, buku ini akan membawa kita ke dalam perjalanan yang memikat melalui dua kota paling dihormati dalam Islam. Kita akan menjelajahi landmark ikonik seperti Ka'bah, Hajar Aswad, dan Masjid al-Haram di Mekkah, serta Masjid Nabawi, pemakaman Al-Baqi, dan Gunung Uhud di Madinah. Kita juga akan menemukan tempat-tempat yang kurang dikenal seperti Masjid Al-Abwa`, Masjid Quba, dan Gua Hira, masing-masing dengan kisah dan maknanya yang unik. a55879.68699